000 00291nmm a2200097Ia 4500
008 220120s9999||||xx |||||||||||||||||und||
020 _a978-0-07-060092-8
100 _aACM
_910765
245 0 _aProceedings of the ACM multimedia 2010 international confere
260 _aACM press
_bNew Delhi
_c2010
999 _c139993
_d139993